Statistics for Countries Where Apostasy is Punished

Click here to take the quiz!

General Stats

  • This quiz has been taken 19,925 times
  • The average score is 11 of 17

Answer Stats

Country % Correct
Iran
96%
Saudi Arabia
96%
Yemen
89%
Oman
87%
Syria
84%
Qatar
82%
Afghanistan
82%
Kuwait
78%
Jordan
76%
Sudan
72%
Somalia
66%
Morocco
59%
Mauritania
47%
Brunei
43%
Malaysia
40%
Maldives
27%
Comoros
19%

Score Distribution

Percentile by Number Answered

Percent of People with Each Score

Your Score History

You have not taken this quiz